[Event "THA-chT"]
[Site "Bangkok"]
[Date "2015.12.12"]
[Round "7.1"]
[White "Krishi, Pallab Chutia"]
[Black "Manav, Devalraju Sai Rajes"]
[Result "1-0"]
[WhiteElo "1626"]
[BlackElo "1449"]
[PlyCount "43"]
[EventDate "2015.12.04"]
[EventType "team-swiss"]
[EventRounds "9"]
[EventCountry "THA"]
[SourceTitle "EXT 2017"]
[Source "ChessBase"]
[SourceDate "2016.10.25"]
[SourceVersion "1"]
[SourceVersionDate "2016.10.25"]
[SourceQuality "1"]
[WhiteTeam "BCC Juniors"]
[BlackTeam "Chonburi JCA Rising Star"]
[WhiteTeamCountry "THA"]
[BlackTeamCountry "THA"]

1. e4 c5 2. c3 g6 3. d4 cxd4 4. cxd4 d5 5. exd5 Nf6 6. Nc3 Bg7 7. Bc4 0-0 8. Nf3 Nbd7 9. d6 Nb6 10. dxe7 Qxe7+ 11. Be2 Re8 12. 0-0 Bg4 13. h3 Bxf3 14. Bxf3 Rad8 15. Be3 Nc4 16. Bc1 Nd6 17. Bg5 h6 18. Nd5 Qe6 19. Bxf6 Bxf6 20. Nc7 Qe7 21. Nxe8 Rxe8 22. Re1 1-0

[Event "THA-chT"]
[Site "Bangkok"]
[Date "2015.12.06"]
[Round "6.1"]
[White "Manav, Devalraju Sai Rajes"]
[Black "Laohawirapap, Prin"]
[Result "0-1"]
[WhiteElo "1449"]
[BlackElo "1333"]
[PlyCount "70"]
[EventDate "2015.12.04"]
[EventType "team-swiss"]
[EventRounds "9"]
[EventCountry "THA"]
[SourceTitle "CBM 170 Extra"]
[Source "ChessBase"]
[SourceDate "2016.02.25"]
[SourceVersion "1"]
[SourceVersionDate "2016.02.25"]
[SourceQuality "1"]
[WhiteTeam "Chonburi JCA Rising Star"]
[BlackTeam "KUS Assassins"]
[WhiteTeamCountry "THA"]
[BlackTeamCountry "THA"]

1. e4 Nc6 2. d4 e5 3. Nf3 exd4 4. Nxd4 Bc5 5. Nb3 Bb6 6. Nc3 d6 7. Qe2 Nf6 8. Be3 Qe7 9. f3 Be6 10. 0-0-0 0-0 11. Bxb6 axb6 12. Nd5 Bxd5 13. exd5 Qxe2 14. Bxe2 Nb4 15. a3 Nbxd5 16. g4 Nf4 17. Bc4 Rfe8 18. Bb5 Re3 19. Rhf1 c6 20. Bc4 d5 21. Bd3 Rae8 22. g5 Nd7 23. Bf5 Nf8 24. Rd4 Ne2+ 25. Kd2 Nxd4 26. Nxd4 c5 27. Nb3 Re2+ 28. Kd1 Rxh2 29. Re1 Rxe1+ 30. Kxe1 Rh5 31. f4 Rh4 32. Bc8 Rxf4 33. Bxb7 Rf5 34. Ke2 Rxg5 35. Kf3 h5 0-1